| 000 | 00797nam a2200229 a 4500 | ||
|---|---|---|---|
| 001 | 000026193 | ||
| 005 | 20200930024400.0 | ||
| 008 | 100709s1969 ve r 000 m spa d | ||
| 040 |
_aDO-SdBNP _bspa _cBNPHU |
||
| 082 |
_aV860.44 _bG373p |
||
| 100 | 1 |
_aGermán Orihuela, Augusto, _942503 |
|
| 245 | 1 | 3 |
_aDesde la colina : _b(aproximaciones críticas) / _cAugusto Germán Orihuela. |
| 260 |
_aCaracas : _bMinisterio de Educación, Dirección Técnica, Departmento de Publicaciones, _c1969. |
||
| 300 |
_a167, [6] p. ; _c19 cm. |
||
| 490 | 1 |
_aVigilia _v17 |
|
| 500 | _aIncluye referencias bibliográficas al pie de las páginas. | ||
| 650 | 4 |
_aEnsayos venezolanos _94376 |
|
| 650 | 4 |
_aDiscursos _96584 |
|
| 650 | 4 |
_aLiteratura venezolana _93816 |
|
| 830 | 0 |
_aVigilia ; _v17 _916675 |
|
| 049 | _aBNGR | ||
| 999 |
_c25685 _d25685 |
||